Outline of the U.S. economy /
Uložené v:
| Ďalší autori: | , |
|---|---|
| Médium: | Kniha |
| Jazyk: | English |
| Vydané: |
[S.l.] :
U.S. Department of State,
1981.
|
| Vydanie: | [1st ed.] |
| Témy: | |
| ISBN: |
(brož.) |
| Fyzický popis: |
152 s. : il. ; 21 cm. |
| Tagy: |
Pridať tag
Žiadne tagy, Buďte prvý kto otaguje tento záznam!
|
Titul je dostupný aj v ... 

MARC
| LEADER | 00000nam a2200000 a 4500 | ||
|---|---|---|---|
| 001 | 000000807 | ||
| 005 | 20090423085420.0 | ||
| 008 | 040324s1981 xxua g f 000 0 eng d | ||
| 020 | |a (brož.) | ||
| 040 | |a SVKKK |b slo |c SVKKK |e AACR2 | ||
| 041 | 0 | |a eng | |
| 044 | |a xxu |c US | ||
| 072 | 7 | |a 33 |x Ekonómia |2 konspekt | |
| 080 | |a 33 |2 2001 | ||
| 080 | |a (73) |2 2001 | ||
| 080 | |a (035) |2 2001 | ||
| 245 | 0 | 0 | |a Outline of the U.S. economy / |c [editor: Kathleen E. Hug ; illustrations: Lisa Manning]. |
| 250 | |a [1st ed.] | ||
| 260 | |a [S.l.] : |b U.S. Department of State, |c 1981. | ||
| 300 | |a 152 s. : |b il. ; |c 21 cm. | ||
| 500 | |a Obalový názov | ||
| 500 | |a Slovník | ||
| 500 | |a Údaj o edit. a ilustr. prevzatý z tiráže | ||
| 650 | 0 | 7 | |a ekonomika |2 SVKKKPH |
| 651 | 7 | |a Spojené štáty americké |2 SVKKKPH | |
| 655 | 7 | |a príručky |2 SVKKKPH | |
| 700 | 1 | |a Hug, Kathleen E. |4 edt | |
| 700 | 1 | |a Manning, Lisa |4 ill | |
| 910 | |a svkkk | ||
| 998 | |a BK | ||
| 090 | |g SCKHL |k Sklad Hlavná 10 prízemie |a III.212254 |j 1005064 |i 2720081796 |s Absenčne | ||
| 090 | |g SCKUS |k Americké centrum |a III.196407 |j 960251 |i 2720021882 |4 dar-výmena |s Vyradená | ||